La comunicabilidad en torno a los elementos del delito

保存先:
書誌詳細
第一著者: Gaete Rojas, Sergio (著者)
フォーマット: 図書
言語:スペイン語
出版事項: Santiago Jurídica de Chile 1963
シリーズ:Memoria, 7
主題:
タグ: タグ追加
タグなし, このレコードへの初めてのタグを付けませんか!

MARC

LEADER 00000nam a2200000 a 4500
001 UCS0228
003 CL-VaPUC
008 970418e19630000CL |||||||||||||||||spa|d
082 0 4 |a 345.04  |b GAE  |2 21 
100 0 |a Gaete Rojas, Sergio  |e author  |9 383451 
245 1 3 |a La comunicabilidad en torno a los elementos del delito 
300 |a 59 p 
942 |c BK 
945 |d 19970418 00:00:00  |a paguirre 
260 |a Santiago  |b Jurídica de Chile  |c 1963 
650 7 |a PARTICIPACION CRIMINAL  |2 CL-VaPUC  |9 383238 
650 7 |a DERECHO PENAL  |2 CL-VaPUC  |9 11 
650 0 |a Códigos  |9 352314 
650 0 |a Delitos  |9 224143 
650 7 |a COMUNICABILIDAD  |2 CL-VaPUC  |9 383452 
583 |a last modification  |c 19970418 00:00:00  |k Rodrigo Vera 
490 0 |a Memoria, 7 
999 |c 258469  |d 258467 
952 |0 0  |1 0  |2 ddc  |4 0  |6 345_040000000000000_GAE_1963  |7 0  |8 A  |9 282602  |a BIBDER  |b BIBDER  |d 2019-11-19  |i 1832379  |l 2  |m 1  |o 345.04 GAE 1963  |p 1832379  |r 2023-01-25  |s 2020-03-30  |w 2019-11-19  |y MX  |k DER 
952 |0 0  |1 0  |2 ddc  |4 0  |6 345_040000000000000_GAE_1963  |7 0  |8 A  |9 282603  |a BIBDER  |b BIBDER  |d 2019-11-19  |i 1832387  |o 345.04 GAE 1963  |p 1832387  |r 2023-01-25  |w 2019-11-19  |y MX  |k DER